000 00617nam a22001937a 4500
005 20160722113120.0
010 _aENG-115486
020 _a9788123778167
_c210.00
035 _aEN-99018
037 _bDBAD/PUB
082 _a920
100 _aWodeyar, Sadashiva Shivadeva
245 _aRani Chennamma/
_cby Sadashiva Shivadeva Wodeyar
260 _aNew Delhi
_bNational Book Trust
_c2016
270 _aNehru BhawAn 5 Institutional Area, Phase-II Vasant kunj
_bNew Delhi
_e110070
300 _axi,195p.
_c19cm(pbk)
500 _aIncludes bibliographical references
942 _2ddc
_cEN
_h920
_mSAD
999 _c101390
_d101390